| 000 | 00948cab a2200205 4500 | ||
|---|---|---|---|
| 001 | ##L134718 | ||
| 008 | 060829n2006 000 0 eng u | ||
| 035 | _a(Sirsi) u134718 | ||
| 041 | 0 | _aeng | |
| 100 | 1 | _aMylius, Andrew | |
| 245 | 0 | 0 | _aOut of the past |
| 260 | _c2006 | ||
| 490 | 0 |
_aNew Civil Engineer _v(1635) 24/31 August 2006, 20-21(2) |
|
| 520 | _aExplains how resurrecting the abandoned Victorian Kingsland Viaduct will aid the delivery of the East London Line extension. The work will involve laying new rail along the viaduct from a new station at Dalston, linking into the existing East London Line at Shoreditch. The line will also be extended south from New Cross to Crystal Palace and a total of 21 bridges will need refurbishment or replacing. | ||
| 590 | _aIKA050906 | ||
| 651 | 4 | _aLONDON | |
| 690 | _aPROPERTY-INFRASTRUCTURE-RAIL INFRASTRUCTURE | ||
| 690 | _aBUILT ENVIRONMENT-ENGINEERING-CIVIL ENGINEERING | ||
| 942 | _n0 | ||
| 999 |
_c77628 _d77628 |
||